000 00632nam a22001937a 4500
005 20140416152438.0
010 _aENG-109223
020 _c100.00
035 _aEN-92756
037 _bDBAD/PUB
082 _a332.042
100 _aKavaljit Singh
245 _aFixing global finance :
_cby Kavaljit Singh
_ba developing country perspective on global financial reforms /
260 _aHyderabad
_bPrajasakti Book House
_c2011
270 _aM.H. Bhavan, Plot No.21/1, Azamabad
_bHyderabad
_e500020
300 _a127p.
_c22cm(pbk)
500 _aIncludes bibliographical references
942 _2ddc
_cEN
_mKAV
_h332.042
999 _c82282
_d82282